000 00623nam a2200241Ia 4500
003 OSt
005 20220918203434.0
006 a|||||r|||| 00| 0
007 ta
008 220917b |||||||| |||| 00| 0 eng d
024 _a108,308
037 _cTextual
040 _aARTS
_cARTS
_beng
041 _2eng
_aeng
082 _aV4.9M.D, L6
100 _aUpadhyaya Bhagwat Saran
_953838
245 0 _aAncient World
260 _aNew Delhi
_bS Chand India
_c1976
300 _avi,292p.
_ccm.
650 _aHISTORY
942 _hV4.9M.D, L6
_cTEXL
_2CC
999 _c231662
_d231662